000 00781nam a2200217 i 4500
001 35995
003 ES-MaACL
005 20250822062544.0
007 t|
008 030214s1952 sp ||||1| spa d
100 1 _aBrennan, Robert Edward.
_931589
245 1 0 _aPsicología general
_b: una interpretación de la ciencia de la mente /
_cRobert Edward Brennan ; prefacio de Rudolf Allers ; versión española de J. Estellés Salarich ; prólogo de Santiago Ramírez.
260 _aMadrid :
_bMorata,
_c[1952]
300 _a519 p. :
_bil. ;
_c22 cm.
650 0 7 _aPsicología
_2embne
_916540
700 1 _aAllers, Rudolf.
_920030
700 1 _aEstellés Salarich, José.
_948102
700 1 _aRamírez, Santiago.
_995112
852 _aES-MaACL
_jD-5970
999 _c35995
_d35995